000 00426nam a2200181Ia 4500
001 7726
005 20260306160516.0
008 260306t1995||||xx |||||||||||||| ||spa||
041 _aESP
082 _a355.0213
_bM84
100 _aMoncayo Gallegos, Paco
_eAUT
245 0 _aFuerzas armadas y sociedad
260 _c1995
300 _a194 páginas :
_c21 cm.
650 _aGEN
654 _aCHU
942 _cLIB
_dJUS
_fJUS
_2ddc
_n
999 _c7726
_d7726